banner-ar

نبوخذ نصر: عظمة بابل, احراق نينوى, وتدمير مملكة يهوذا / (Record no. 53339)

MARC details
000 -الفاتح
حقل البيانات ثابتة الطول 00599nam a2200205Ia 4500
008 - عناصر البيانات ثابتة الطول - معلومات عامة
حقل البيانات ثابتة الطول 140319s9999 xx 000 0 ara d
040 ## - مصدر الفهرسة
وكالة الفهرسة الأصلية GCL /
وكالة النسخ GCL
082 04 - رقم تصنيف ديوى العشرى
رقم التصنيف 923.1
رقم المادة ت ن
100 1# - المدخل الرئيسى - إسم شخصى
الإسم الشخصى فيليب عطاالله
245 10 - بيان العنوان
العنوان نبوخذ نصر: عظمة بابل, احراق نينوى, وتدمير مملكة يهوذا /
بيان المسئوليه,etc فيليب عطاالله
260 ## - PUBLICATION, DISTRIBUTION, ETC. (IMPRINT)
تاريخ النشر أو التوزيع 1994
300 ## - الوصف المادى
التعداد 325 ص
490 ## - بيان السلسلة
عنوان السلسلة
650 04 - المدخل الاضافى بالموضوع-مصطلح موضوعى
مصطلح موضوعي تاريخ
650 04 - المدخل الاضافى بالموضوع-مصطلح موضوعى
مصطلح موضوعي بابل
650 04 - المدخل الاضافى بالموضوع-مصطلح موضوعى
مصطلح موضوعي البابليون
650 04 - المدخل الاضافى بالموضوع-مصطلح موضوعى
مصطلح موضوعي اليهود
942 ## - عناصر المدخل الإضافي( كوها)
مصدر التصنيف او مخطط الترفيف Dewey Decimal Classification
Koha [default] item type كتاب
260 ## - PUBLICATION, DISTRIBUTION, ETC. (IMPRINT)
-- [S.N] :
-- دار الجيل ،
Holdings
حالة التراجع حالة الفقد حالة تلف ليس للاعارة المكان المؤقت الموقع الحالى تاريخ الاكتساب اجمالي اﻻعارات رقم الطلب الباركود تاريخ اخر مشاهدة تاريخ تفعيل السعر نوع وعاء كوها
        مكتبة القاهرة الكبرى مكتبة القاهرة الكبرى 03/26/2014   923.1\ت ن 127994 03/26/2014 03/26/2014 كتاب

Powered By

EGPV